00853nam a2200241Ia 450000100060000000300090000600800410001504000130005604000130006904100120008210000260009410000290012024500530014924500470020225000110024926000120026026000250027226000490029730000580034650001350040465000410053965000310058086833IT-RoPAU130308s9999 xx 000 0 und d aIT-RoPAU cIT-RoPAU aINGLESE aBoomershine Thomas E. gCodice Aut. SPICS: 30998 aChristian Community and Technologies of the Word bCommunicating Faith in a Technological Age a1a ed. aENGLAND bSt Paul Publications c1989 [1° Ed.:1989 - Ed.Ling.Originale:1989] a"20 p. (prefazione: no ; testo: 20 [pagine: 84-103])" aComunità€ Cristiana e tecnologie del Mondo Trasformazione della Comunità€ con test scritto nuove comunicazioni e nuove Comunita' aSAGGI TEOLOGIA COMUNICAZIONE SOCIALE eCodice materia Spics: 9211